000 01203nam a22003377a 4500
003 CHAP
005 20220329140834.0
008 971013s1978 r 00010 d
010 _a58417
011 _a59389
035 _a63547
040 _cCHAP
082 _a550
_bS9
100 0 0 _aSuárez Florez, María Rosa.
_9110697
245 _aFundamentos de geología
260 _aMadrid :
_bEd. Paraninfo,
_c1978
300 _a313 p.
_b: ilus. ; mapas
590 _aBATCH-UPD
_b10
_c20130110
_lUCH01
_h1804
590 _aBATCH-UPD
_b10
_c20130410
_lUCH01
_h1140
590 _aBATCH-UPD
_b10
_c20130914
_lUCH01
_h1539
590 _aCONVERSION
_b10
_c20130109
_lUCH01
_h1331
650 1 4 _aGeología.
_947604
901 _aBK
942 _cLIBRO
949 _a550 S9
_bBC
_cLIBRO
_d33724000446704
_eLIBRO
_fc.3
_h52782
_i63547
_si
949 _a550 S9
_bBC
_cLIBRO
_d33724000446712
_eLIBRO
_fc.5
_h52785
_i63547
_so
949 _a550 S9
_bBC
_cLIBRO
_d33724000446746
_eLIBRO
_h40383
_i63547
_si
949 _a550 S9
_bBC
_cLIBRO
_d33724000446753
_eLIBRO
_fc.4
_h52783
_i63547
_si
949 _a550 S9
_bBC
_cLIBRO
_d33724000892246
_eLIBRO
_fc.6
_h52785
_i63547
_si
949 _a550 S9
_bBC
_cLIBRO
_d33724002165108
_eLIBRO
_fc.2
_h52781
_i63547
_si
999 _c58417
_d58417